| 000 | 00903cam a2200313 4500 | ||
|---|---|---|---|
| 001 | 8206 | ||
| 003 | BD-RjUL | ||
| 005 | 20211208234537.0 | ||
| 008 | 140118s1970 enka 00| 0 eng d | ||
| 020 | _a0416183700 | ||
| 035 | _a(OCoLC)ocm00112604 | ||
| 035 | _a(BD-RjUL)8251 | ||
| 035 | _a(NNC)2542081 | ||
| 040 |
_aDLC _cDLC _dBD-RjUL _beng |
||
| 041 | _aeng | ||
| 082 | 0 | 0 |
_a526.8 _bKEM 1970 |
| 090 |
_aGA110 _b.K4 1970a |
||
| 100 | 1 |
_aKellaway, George P. _917919 |
|
| 245 | 1 | 0 |
_aMap projections / _cby George P. Kellaway. |
| 260 |
_aLondon: _bMethuen; [Distributed in the U.S.A. by Barnes and Noble, _c1970 |
||
| 300 |
_aviii, 127 p. : _billus. ; _c21 cm. |
||
| 490 | 1 |
_aUniversity paperbacks ; _v342 |
|
| 504 | _aincludes index | ||
| 650 | 0 |
_aMap projection. _925554 |
|
| 830 | 0 |
_v342. _9158478 |
|
| 830 | 0 |
_aUniversity paperbacks ; _9130015 |
|
| 942 |
_2ddc _cBK |
||
| 999 |
_c8206 _d8206 |
||